Kiên quyết đánh bại chủ nghĩa bành trướng và chủ nghĩa bá quyền Trung - Quốc
Đã lưu trong:
| Hovedforfatter: | |
|---|---|
| Format: | Bog |
| Sprog: | Vietnamese |
| Udgivet: |
H.
Sự thật
1982
|
| Fag: | |
| Tags: |
Tilføj Tag
Ingen Tags, Vær først til at tagge denne postø!
|
| Thư viện lưu trữ: | Trung tâm Học liệu Lê Vũ Hùng, Trường Đại học Đồng Tháp |
|---|
| LEADER | 00849pam a22002178a 4500 | ||
|---|---|---|---|
| 001 | 00000364 | ||
| 005 | 20171026081022.0 | ||
| 008 | 110321s1982 ||||||viesd | ||
| 041 | 0 | # | |a vie |
| 082 | 1 | 4 | |a 335.434 5 |b K305Q |
| 100 | 0 | # | |a Trường Trinh |
| 245 | 0 | 0 | |a Kiên quyết đánh bại chủ nghĩa bành trướng và chủ nghĩa bá quyền Trung - Quốc |c Trường Trinh |
| 260 | # | # | |a H. |b Sự thật |c 1982 |
| 300 | # | # | |a 71 tr. |c 19 cm. |
| 650 | # | 4 | |a Chủ nghĩa mao |
| 653 | # | # | |a Chủ nghĩa bành chướng |a Mao Trạch Đông |a Chủ nghĩa mao |a Chủ nghĩa bá quyền |a Quan hệ Việt Nam-Trung Quốc |
| 852 | # | # | |b Kho đọc |j KD.0000599 |
| 852 | # | # | |j KD.0000599 |
| 910 | |d 21/03/2011 | ||
| 980 | # | # | |a Trung tâm Học liệu Lê Vũ Hùng, Trường Đại học Đồng Tháp |